| 000 | 01527nam0a2200337 4500 | ||
|---|---|---|---|
| 001 | RU\NLR\BIBL_A\012291742 | ||
| 005 | 20200720151934.0 | ||
| 010 |
_a978-5-238-03334-1 _9500 |
||
| 021 |
_aRU _bКН-П-20-014226 _9КН-П-20-1121 |
||
| 035 | _a(NLR Aleph) 012291742 | ||
| 035 | _a(RuMoRGB)010297361 | ||
| 090 |
_a11272612 _c11272612 |
||
| 100 | _a20200713d2020 k y0rusy50 ca | ||
| 101 | 0 | _arus | |
| 102 | _aRU | ||
| 105 | _ay|||zzzz000zy | ||
| 181 | 0 |
_ai _baxxe |
|
| 182 | 0 | _an | |
| 200 | 1 |
_aФедерализм в первые годы советской власти _eисторико-правовое исследование _eнаучная специальность 12.00.01 "Теория и история права и государства; история учений о праве и государстве" _eмонография _fН. Д. Эриашвили |
|
| 203 |
_aТекст _bвизуальный _cнепосредственный |
||
| 210 |
_aМосква _cЮНИТИ [и др.] _d2020 |
||
| 215 |
_a142, [1] с. _d22 |
||
| 320 | _aБиблиогр.: с. 137-142 (119 назв.) и в подстроч. примеч. | ||
| 606 | 1 |
_aФедерализм _yСССР _92118442 _3RU\NLR\AUTH\661583093 |
|
| 686 | 1 | _aХ620.4 | |
| 700 | 1 |
_4070 _7ca _8rus _aЭриашвили _bН. Д. _f1960- _gНодари Дарчоевич _911409 _3RU\NLR\AUTH\7728378 |
|
| 942 | _cBOOK | ||
| 980 | _aNBR | ||
| 980 | _aNB | ||